000 004560000a22001810004500
003 MACL
005 20150814120749.0
008 150814b xxu||||| |||| 00| 0 eng d
040 _aMACL
_cMACL
041 _aEnglish
082 _a403/COO
100 _aCooper Christina
_95524
245 _aEnglish Spanish Dictionery
260 _bArun Publishing House
_c2006
_aChandigarh
350 _a720.00
650 _aDictionary
_95525
942 _cBK
_k403/COO
_2ddc
999 _c42149
_d42149